[Event "CXV R - 020 email"]
[Site "Brazil CXV"]
[Date "2000.12.07"]
[Round "?"]
[White "De Campos Fernandes, Ronaldo"]
[Black "Pires Sidney, Augusto"]
[Result "1-0"]
[WhiteElo "1562"]
[BlackElo "1488"]
[PlyCount "85"]
[EventDate "2000.??.??"]
[EventType "tourn (corr)"]
[EventRounds "3"]
[EventCountry "BRA"]
[SourceTitle "Corr 2004"]
[Source "ChessBase"]
[SourceDate "2003.04.28"]
[SourceVersion "3"]
[SourceVersionDate "2003.04.28"]
[SourceQuality "1"]

1. d4 d5 2. c4 dxc4 3. Nf3 b5 4. a4 c6 5. e3 e6 6. axb5 cxb5 7. b3 Nf6 8. bxc4 bxc4 9. Bxc4 Bb4+ 10. Bd2 Bd6 11. Na3 Ne4 12. Nb5 a5 13. 0-0 0-0 14. Nxd6 Nxd6 15. Bd3 Bb7 16. Ne5 f6 17. Qh5 Be4 18. Bxe4 Nxe4 19. Nf3 Nxd2 20. Nxd2 e5 21. Qf3 Ra7 22. Nb3 Kh8 23. Nc5 Qd6 24. Rfc1 exd4 25. exd4 Nc6 26. d5 Ne5 27. Qe4 f5 28. Qd4 Nc6 29. Qd2 Rd8 30. Nb3 Ne7 31. Rxa5 Rxa5 32. Qxa5 Nxd5 33. Nd4 Nf4 34. Nc6 Qd1+ 35. Qe1 Qg4 36. g3 Ne2+ 37. Kf1 Re8 38. Ne5 Qh3+ 39. Kxe2 Rxe5+ 40. Kd3 Rd5+ 41. Kc4 Rd8 42. Qe7 Qh6 43. Qxd8# 1-0